000 00330nam a2200145Ia 4500
005 20251222144920.0
008 251222s9999||||xx |||||||||||||| ||spa||
020 _a950-742-060-6
082 _a339.582/C38
100 _aCavallo, Domingo F.
245 0 _aVolver a Crecer
250 _a6a.ed.
264 _bPlaneta
942 _cLIB
999 _c22675
_d22675